000 00358nam a2200133Ia 4500
008 220217s9999||||xx |||||||||||||| ||und||
020 _a81-7029-385-5
082 _a004.64 SEL
100 _aSalemi, Joe
245 0 _aClient/ server computing with oracle
260 _aBPB publications
_bNew Delhi
_c2002
300 _b225
650 _aCOMPUTER NETWORK
999 _c171881
_d171881